Opportunities and incentives for rubberwood industries in Malaysia (Record no. 48218)

MARC details
000 -LEADER
fixed length control field 00470nam a2200133Ia 4500
100 ## - MAIN ENTRY--AUTHOR NAME
Personal name Kaziah Dato' Abdul Kadir
245 #0 - TITLE STATEMENT
Title Opportunities and incentives for rubberwood industries in Malaysia
260 ## - PUBLICATION, DISTRIBUTION, ETC. (IMPRINT)
Name of publisher In: Proceedings of the International Rubberwood Seminar, 21-22 May 1990, Kuala Lumpur, Malaysia, pp.153-163.
Year of publication 1990
650 ## - SUBJECT ADDED ENTRY--TOPICAL TERM
Topical Term Malaysia
650 ## - SUBJECT ADDED ENTRY--TOPICAL TERM
Topical Term Rubberwood
650 ## - SUBJECT ADDED ENTRY--TOPICAL TERM
Topical Term Rubberwood industry
942 ## - ADDED ENTRY ELEMENTS (KOHA)
Koha item type Bibliography RLWO
Holdings
Withdrawn status Lost status Damaged status Not for loan Home library Current library Date acquired Koha item type
      Bibliography RRII Library RRII Library 31/12/2021 Bibliography RLWO